Scorsese por Scorsese.
Salvato in:
| Autore principale: | |
|---|---|
| Altri autori: | , , |
| Natura: | Sconosciuto |
| Lingua: | inglese |
| Pubblicazione: |
Ciudad Autónoma de Buenos Aires, Argentina:
El Cuenco de Plata,
2021.
|
| Serie: | Cine
|
| Soggetti: | |
| Tags: |
Aggiungi Tag
Nessun Tag, puoi essere il primo ad aggiungerne!!
|
MARC
| LEADER | 00000 a2200000 4500 | ||
|---|---|---|---|
| 003 | CL-VaPUC | ||
| 005 | 20220725092220.0 | ||
| 008 | 220609b ||||| |||| 00| 0 eng d | ||
| 999 | |c 435875 |d 435873 | ||
| 020 | |a 978-987-4489-46-3 | ||
| 040 | |c Pontificia Universidad Católica de Valparaíso | ||
| 082 | |a 791.43092 SCO 2021 | ||
| 100 | |a Scorsese, Martin |9 870404 |e autor | ||
| 245 | |a Scorsese por Scorsese. | ||
| 260 | |a Ciudad Autónoma de Buenos Aires, Argentina: |b El Cuenco de Plata, |c 2021. | ||
| 300 | |a 364 páginas. | ||
| 490 | |a Cine | ||
| 583 | |k Cristina María Rojas Aguilar |c 20220609 | ||
| 600 | 1 | 7 | |a Scorsese, Martin Luciano |9 605956 |d 1942- |x Entrevistas |
| 650 | |a Directores y productores cinematográficos |z Estados Unidos |x Entrevistas |9 870775 | ||
| 700 | |a Christie, Ian |e editor |9 870826 | ||
| 700 | |a Thompson, David |e editor |9 870827 | ||
| 700 | |a Mattio, Javier |e traducción |9 870828 | ||
| 942 | |2 ddc |c BK | ||
| 952 | |0 0 |1 0 |2 ddc |4 0 |6 791_430920000000000_SCO_2021 |7 0 |8 A |9 583750 |a BIBART |b FDOSRS |d 2022-06-15 |e 135 |g 22000.00 |i 5651876 |o 791.43092 SCO 2021 |p 5651876 |r 2025-03-13 |t 1 |v 22000.00 |w 2022-06-15 |y BK |k ART | ||